000 00479cam a2200193ua 4500
020 _c1.50
041 _ahin
_h
082 _a891.43
_bRAM/ME
100 _aRamanath suman, .
245 _aMeri mukthi ki kahani /
_cRamnath suman.
_hTextual Documents
250 _a5 /
_b.
260 _aNew Delhi :
_bSatya Prakshan ,
_c1955.
300 _a171 ; .
365 _a1.50
504 _a
700 1 _aParameswari dayal vidhyat, .
942 _cBK
999 _c2950
_d2950